Number Maze Quiz Stats

 Plays Quiz Updated Jul 14, 2017

Support Sporcle.
Go Orange.
Score 0/37 Timer 01:00
5 Plays Today
% Correct
???
100%
???
93.8%
???
90.2%
???
86.9%
???
85.4%
???
84.2%
???
82.8%
???
80.9%
???
78.9%
???
78%
???
77.2%
???
75.8%
???
75.2%
???
74.6%
???
72.9%
???
72.3%
???
71.6%
???
70.9%
???
70.2%
% Correct
???
69.7%
???
69.1%
???
67.8%
???
67.2%
???
66.6%
???
66.1%
???
65.3%
???
64.5%
???
64%
???
63%
???
62%
???
61.3%
???
60.7%
???
59.1%
???
58.5%
???
57.8%
???
56.3%
???
55.9%

You're not logged in!

Compare scores with friends on all Sporcle quizzes.
OR
Log In
Forgot?

From the Vault

Last by Lasts: Authors

by MSUKent

An author always knows every trick in the book.
Remove Ads.
Support Sporcle.
Get the best of Sporcle when you Go Orange. This ad-free experience offers more features, more stats, and more fun while also helping to support Sporcle. Thank you for becoming a member.

Show Comments

Extras

Top Quizzes Today


Score Distribution

Your Account Isn't Verified!

In order to create a playlist on Sporcle, you need to verify the email address you used during registration. Go to your Sporcle Settings to finish the process.

Report this User

Report this user for behavior that violates our Community Guidelines.

Details: